| 000 | 00890nam a22002777a 4500 | ||
|---|---|---|---|
| 001 | 000511 | ||
| 003 | DO-SdBNP | ||
| 005 | 20180123085039.0 | ||
| 007 | 000511 | ||
| 008 | 160919b 2006 pe ||||| |||| 00| 0 spa d | ||
| 020 | _a9972699447 | ||
| 040 |
_aBPMSU _bspa _cBPMSU |
||
| 092 |
_axxxxx _bxxxxx |
||
| 100 | 1 | _aGillen, Cristian | |
| 245 | 1 | 0 |
_aComo superar el neoliberalismo : _balternativa emancipadora / _cCristian Gillen. |
| 260 |
_a[Lima, Peru] : _bHorizonte, _c2006. |
||
| 300 |
_a344 p. ; _c21 cm. |
||
| 490 | 1 |
_aEconomía _v5 |
|
| 500 | _aIncluye datos biográficos del autor en la solapa de la contracubierta. | ||
| 500 | _aIncluye referencias bibliográficas y notas al pie de las páginas | ||
| 504 | _aBibligrafía : p. 337-344 | ||
| 830 | 0 |
_aEconomía _v5 |
|
| 942 |
_2ddc _cBK |
||
| 945 | _aInventariado, 2018/LP | ||
| 956 |
_aLOPEREZ _b10 _c20160919 |
||
| 999 |
_c11445 _d11445 |
||